A Numerical model for two-dimensional current - depth refraction of surface gravity waves / (رقم التسجيلة. 178618)

تفاصيل مارك
000 -LEADER
fixed length control field 01397namaa22003131i 4500
005 - أخر تعامل مع التسجيلة
control field 20260406132910.0
008 - FIXED-LENGTH DATA ELEMENTS--GENERAL INFORMATION
fixed length control field 260221s1994 ua a|||fr|m|| 000 0 eng d
040 ## - CATALOGING SOURCE
Original cataloguing agency EG-GICUC
Language of cataloging eng
Transcribing agency EG-GICUC
Modifying agency EG-GICUC
Description conventions rda
041 0# - LANGUAGE CODE
Language code of text/sound track or separate title eng
Language code of summary or abstract eng
-- ara
049 ## - Acquisition Source
Acquisition Source Deposit
097 ## - Degree
Degree M.Sc
099 ## - LOCAL FREE-TEXT CALL NUMBER (OCLC)
Local Call Number Cai01.13.10.M.Sc.1994.Kh.N
100 0# - MAIN ENTRY--PERSONAL NAME
Authority record control number or standard number Khaled Mohamed Fassieh ,
Preparation preparation.
245 10 - TITLE STATEMENT
Title A Numerical model for two-dimensional current - depth refraction of surface gravity waves /
Statement of responsibility, etc. By Khaled Mohamed Fassieh ; Supervised Prof.Dr. Mohamed S . Tosson, Dr. Mamdouh A. Fahmy
246 15 - VARYING FORM OF TITLE
Title proper/short title نموذج عندى لانكسار الموجات المائية بسبب التيارات وتغيرات طبو غراقية القاع
264 #0 - PRODUCTION, PUBLICATION, DISTRIBUTION, MANUFACTURE, AND COPYRIGHT NOTICE
Date of production, publication, distribution, manufacture, or copyright notice 1994.
300 ## - PHYSICAL DESCRIPTION
Extent 155 Pages :
Other physical details illustrations ;
Dimensions 25cm. +
336 ## - CONTENT TYPE
Source rda content
Content type term text
337 ## - MEDIA TYPE
Source rdamedia
Media type term Unmediated
338 ## - CARRIER TYPE
Source rdacarrier
Carrier type term volume
502 ## - DISSERTATION NOTE
Dissertation note Thesis (M.Sc.) -Cairo University,1994
504 ## - BIBLIOGRAPHY, ETC. NOTE
Bibliography, etc. note Bibliography: pages 152 : 155
653 #0 - INDEX TERM--UNCONTROLLED
Uncontrolled term depth refraction of surface
-- dimensional current
-- gravity waves
700 0# - ADDED ENTRY--PERSONAL NAME
Personal name Mohamed S . Tosson
Relator term thesis advisor.
700 0# - ADDED ENTRY--PERSONAL NAME
Personal name Mamdouh A. Fahmy
Relator term thesis advisor.
900 ## - Thesis Information
Department Department of Mathematics
Faculties Faculty of Engineering
Universities Cairo University
Grant date 1994
Supervisory body Mohamed S . Tosson
-- Mamdouh A. Fahmy
Discussion body Mohamed S . Tosson
905 ## - Cataloger and Reviser Names
Cataloger Name Nagat Ghanem
Reviser Names Nourhan
942 ## - ADDED ENTRY ELEMENTS (KOHA)
Source of classification or shelving scheme Dewey Decimal Classification
Koha item type Thesis
Edition 21
Suppress in OPAC No
المقتنيات
Source of classification or shelving scheme Home library Current library Date acquired Inventory number Full call number Barcode Date last seen Effective from Koha item type
Dewey Decimal Classification المكتبة المركزبة الجديدة - جامعة القاهرة مكتبة المئوية 21.02.2026 24667 Cai01.13.10.M.Sc.1994.Kh.N 01010110024667000 21.02.2026 21.02.2026 Thesis
Cairo University Libraries Portal Implemented & Customized by: Eng. M. Mohamady Contacts: new-lib@cl.cu.edu.eg | cnul@cl.cu.edu.eg
CUCL logo CNUL logo
© All rights reserved — Cairo University Libraries
CUCL logo
Implemented & Customized by: Eng. M. Mohamady Contact: new-lib@cl.cu.edu.eg © All rights reserved — New Central Library
CNUL logo
Implemented & Customized by: Eng. M. Mohamady Contact: cnul@cl.cu.edu.eg © All rights reserved — Cairo National University Library